000 00733nam a22002177a 4500
999 _c7005
_d7005
001 7005
003 BD-JhCC
005 20180329181625.0
008 180203b xxu||||| |||| 00| 0 eng d
035 _a(BD-JhCC)7005
040 _aBD-JhCC
_dBD-JhCC
041 _aeng
082 _a954.92
_bMOJ 1974
100 _aমজুমদার, শ্রীরমেশচন্দ্র
245 _aবাংলা দেশের ইতিহাস :
_bপ্রাচীন যুগ /
_cশ্রীরমেশচন্দ্র মজুমদার
260 _aকোলকাতা :
_bজনারেল,
_c1974.
300 _a264 p. :
_bills;
_c22 cm.
650 _aHistory of Bangladesh
942 _2ddc
_cBK